000
00246nam a22000977a 4500
041
_a
eng
080
_a
80
100
_a
Аракин, В. Д.
245
_a
Исследования по английской лексикологии.
999
_c
280510
_d
280510
942
_c
BK